Top 100 Azerbaijani Baby Boys' Names in 2024 - Statistics

General Stats
  • This quiz has been taken 62 times
  • The average score is 11 of 100
Answer Stats
# Name % Correct
8 Məhəmməd
70%
2 Əli
67%
95 Əhməd
36%
4 Yusif
33%
27 Həsən
30%
3 Hüseyn
30%
19 İbrahim
27%
68 İlham
27%
40 İsmayıl
27%
6 Ömər
27%
12 Adəm
24%
18 Amir
24%
78 Camal
24%
47 Emin
24%
7 Murad
24%
32 Fərid
21%
20 Mehdi
21%
23 Turan
21%
80 Cavid
18%
26 Emil
18%
79 İsa
18%
82 Kamal
18%
52 Mikayıl
18%
29 Nihad
18%
71 Cavad
15%
64 Fərhad
15%
42 Fuad
15%
62 Musa
15%
86 Osman
15%
5 Raul
15%
22 Rəsul
15%
87 Ruslan
15%
56 Süleyman
15%
54 David
12%
75 İlqar
12%
73 İslam
12%
97 Mustafa
12%
70 Polad
12%
74 Tamerlan
12%
92 Ziya
12%
85 Abbas
9%
21 Ayaz
9%
11 Fateh
9%
35 Kənan
9%
63 Nicat
9%
96 Rauf
9%
50 Rza
9%
37 Səid
9%
60 Sənan
9%
16 Ümid
9%
98 Vaqif
9%
77 Yaqub
9%
83 Zeyn
9%
36 Altay
6%
48 Amin
6%
89 Araz
6%
10 Ayxan
6%
24 Davud
6%
39 Elcan
6%
84 Nurlan
6%
45 Sadiq
6%
66 Şahin
6%
57 Toğrul
6%
1 Uğur
6%
44 Yunis
6%
31 Alparslan
3%
67 Arda
3%
34 Aslan
3%
25 Atilla
3%
94 Cavidan
3%
100 Cəbrayıl
3%
72 Əbəlfəz
3%
91 Əkbər
3%
38 Harun
3%
13 Onur
3%
46 Ramal
3%
93 Saleh
3%
14 Səccad
3%
99 Tərlan
3%
49 Timur
3%
9 Tunar
3%
15 Tuncay
3%
28 Zeyd
3%
55 Alixan
0%
41 Cahid
0%
33 Cəsur
0%
53 Cihan
0%
88 Elmir
0%
65 Eşqin
0%
81 Fəxri
0%
69 Məhəmmədəli
0%
43 Mirac
0%
17 Miran
0%
90 Oğuz
0%
61 Ömür
0%
30 Renat
0%
58 Rəvan
0%
76 Rüzgar
0%
51 Sübhan
0%
59 Turqut
0%
No matching quizzes found
Score Distribution
Percent of People with Each Score
Percentile by Number Answered
Your Score History
You have not taken this quiz